Every OSRS Quest - Statistics

General Stats
  • This quiz has been taken 14 times
  • The average score is 74 of 206
Answer Stats
Hint Answer % Correct
1 Cook's Assistant
100%
150 A Kingdom Divided
75%
2 Demon Slayer
75%
77 Desert Treasure 1
75%
157 Desert Treasure 2 - The Fallen Empire
75%
11 Doric's Quest
75%
17 Dragon Slayer 1
75%
136 Dragon Slayer 2
75%
18 Druidic Ritual
75%
7 Ernest the Chicken
75%
32 Fight Arena
75%
15 Goblin Diplomacy
75%
22 Heroes'' Quest
75%
50 Legends' Quest
75%
129 Misthalin Mystery
75%
65 Monkey Madness 1
75%
128 Monkey Madness 2
75%
84 Mourning's End Part 1
75%
113 My Arm's Big Adventure
75%
10 Prince Ali Rescue
75%
100 Recipe for Disaster
75%
100.1 Recipe for Disaster/Another Cook's Quest
75%
100.10 Recipe for Disaster/Defeating the Culinaromancer
75%
100.6 Recipe for Disaster/Freeing Evil Dave
75%
100.7 Recipe for Disaster/Freeing King Awowogei
75%
100.4 Recipe for Disaster/Freeing Pirate Pete
75%
100.8 Recipe for Disaster/Freeing Sir Amik Varze
75%
100.9 Recipe for Disaster/Freeing Skrach Uglogwee
75%
100.3 Recipe for Disaster/Freeing the Goblin Generals
75%
100.5 Recipe for Disaster/Freeing the Lumbridge Guide
75%
100.2 Recipe for Disaster/Freeing the Mountain Dwarf
75%
70 Roving Elves
75%
51 Rune Mysteries
75%
143 Song of the Elves
75%
144 The Fremennik Exiles
75%
119 The Fremennik Isles
75%
62 The Fremennik Trials
75%
40 The Grand Tree
75%
14 The Knight's Sword
75%
20 Witch's House
75%
13 Witch's Potion
75%
124 Another Slice of H.A.M.
50%
148 Below Ice Mountain
50%
74 Between a Rock...
50%
38 Biohazard
50%
98 Cabin Fever
50%
29 Clock Tower
50%
118 Cold War
50%
MQ5 Daddy's Home
50%
110 Darkness of Hallowvale
50%
56 Death Plateau
50%
106 Death to the Dorgeshuun
50%
125 Dream Mentor
50%
99 Fairytale 1 - Growing Pains
50%
107 Fairytale 2 - Cure a Queen
50%
49 Gertrude's Cat
50%
71 Ghosts Ahoy
50%
33 Hazeel Cult
50%
30 Holy Grail
50%
9 Imp Catcher
50%
101 In Aid of the Myreque
50%
68 In Search of the Myreque
50%
151 Land of the Goblins
50%
19 Lost City
50%
108 Lunar Diplomacy
50%
MQ16 Mage Arena 1
50%
MQ17 Mage Arena 2
50%
139 Making Friends with My Arm
50%
21 Merlin's Crystal
50%
89 Mourning's End Part 2
50%
47 Murder Mystery
50%
123 Olaf's Quest
50%
174 Pandemonium
50%
16 Pirate's Treasure
50%
35 Plague City
50%
54 Priest in Peril
50%
59 Regicide
50%
4 Romeo & Juliet
50%
90 Rum Deal
50%
36 Sea Slug
50%
156 Secrets of the North
50%
5 Sheep Shearer
50%
41 Shilo Village
50%
145 Sins of the Father
50%
58 Tai Bwo Wannai Trio
50%
121 The Great Brain Robbery
50%
120 Tower of Life
50%
67 Troll Romance
50%
57 Troll Stronghold
50%
177 Troubled Tortugans
50%
42 Underground Pass
50%
8 Vampyre Slayer
50%
37 Waterfall Quest
50%
142 X Marks the Spot
50%
MQ1 Alfred Grimhand's Barcrawl
25%
149 A Night at the Theatre
25%
87 A Tail of Two Cats
25%
138 A Taste of Hope
25%
162 At First Light
25%
MQ2 Barbarian Training
25%
153 Beneath Cursed Sands
25%
52 Big Chompy Bird Hunting
25%
12 Black Knights' Fortress
25%
132 Bone Voyage
25%
130 Client of Kourend
25%
117 Contact!
25%
160 Defender of Varrock
25%
95 Devious Minds
25%
46 Dwarf Cannon
25%
60 Eadgar's Ruse
25%
115 Eagles' Peak
25%
53 Elemental Workshop 1
25%
112 Elemental Workshop 2
25%
MQ7 Enter the Abyss
25%
24 Family Crest
25%
26 Fishing Contest
25%
85 Forgettable Tale...
25%
86 Garden of Tranquility
25%
147 Getting Ahead
25%
63 Horror from the Deep
25%
78 Icthlarin's Little Helper
25%
MQ14 Into the Tombs
25%
39 Jungle Potion
25%
92 Making History
25%
27 Monk's Friend
25%
55 Nature Spirit
25%
43 Observatory Quest
25%
72 One Small Favour
25%
163 Perilous Moons
25%
103 Rag and Bone Man 1
25%
131 Rag and Bone Man 2
25%
93 Ratcatchers
25%
83 Recruitment Drive
25%
34 Sheep Herder
25%
94 Spirits of the Elid
25%
137 Tale of the Righteous
25%
152 Temple of the Eye
25%
141 The Ascent of Arceuus
25%
135 The Corsair Curse
25%
170 The Curse of Arrav
25%
134 The Depths of Despair
25%
48 The Dig Site
25%
109 The Eyes of Glouphrie
25%
75 The Feud
25%
171 The Final Dawn
25%
140 The Forsaken Tower
25%
155 The Garden of Death
25%
MQ10 The General's Shadow
25%
82 The Giant Dwarf
25%
81 The Lost Tribe
25%
133 The Queen of Thieves
25%
3 The Restless Ghost
25%
44 The Tourist Trap
25%
31 Tree Gnome Village
25%
25 Tribal Totem
25%
45 Watchtower
25%
165 While Guthix Sleeps
25%
80 Zogre Flesh Eaters
25%
116 Animal Magnetism
0%
146 A Porcine of Interest
0%
102 A Soul's Bane
0%
MQ3 Bear Your Soul
0%
159 Children of the Sun
0%
69 Creature of Fenkenstrain
0%
176 Current Affairs
0%
MQ3 Curse of the Empty Lord
0%
167 Death on the Isle
0%
97 Enakhra's Lament
0%
114 Enlightened Journey
0%
169 Ethically Acquired Antiquities
0%
MQ8 Family Pest
0%
126 Grim Tales
0%
66 Haunted Mine
0%
MQ11 His Faithful Servants
0%
MQ12 Hopespear's Will
0%
MQ13 In Search of Knowledge
0%
127 King's Ransom
0%
MQ15 Lair of Tarn Razorlor
0%
168 Meat and Greet
0%
73 Mountain Daughter
0%
175 Prying Times
0%
105 Royal Trouble
0%
23 Scorpion Catcher
0%
173 Scrambled!
0%
61 Shades of Mort'ton
0%
91 Shadow of the Storm
0%
172 Shadows of Custodia
0%
6 Shield of Arrav
0%
MQ18 Skippy and the Mogres
0%
154 Sleeping Giants
0%
104 Swan Song
0%
79 Tears of Guthix
0%
28 Temple of Ikov
0%
MQ6 The Enchanted Key
0%
MQ9 The Frozen Door
0%
76 The Golem
0%
96 The Hand in the Sand
0%
166 The Heart of Darkness
0%
158 The Path of Glouphrie
0%
164 The Ribbiting Tale of a Lily Pad Labour Dispute
0%
111 The Slug Menance
0%
64 Throne of Miscellania
0%
161 Twilight's Promise
0%
MQ19 Vale Totems
0%
88 Wanted!
0%
122 What Lies Below
0%
No matching quizzes found
Score Distribution
Percent of People with Each Score
Percentile by Number Answered
Your Score History
You have not taken this quiz